[Event "Lev Polugaevsky Mem"]
[Site "Samara RUS"]
[Date "2011.07.06"]
[Round "2"]
[White "Iljushin,A"]
[Black "Faizrakhmanov,Ramil"]
[Result "1-0"]
[WhiteElo "2528"]
[BlackElo "2141"]

1.d4 Nf6 2.c4 e6 3.Nc3 Bb4 4.f3 d5 5.a3 Bxc3+ 6.bxc3 c5 7.cxd5 Nxd5 8.dxc5 Qa5
9.e4 Ne7 10.Be3 O-O 11.Qb3 Na6 12.Rd1 Nc6 13.Bb5 e5 14.Ne2 Be6 15.Qb2 Rac8
16.O-O Rfd8 17.c4 f6 18.Rd6 Bf7 19.Rfd1 Qc7 20.Nc3 Ncb8 21.Rxd8+ Rxd8 22.Rxd8+ Qxd8
23.Nd5 Nc7 24.Ba4 Nxd5 25.cxd5 Qc7 26.Kf2 h5 27.h4 Kh7 28.Qb5 f5 29.c6  1-0

[Event "Lev Polugaevsky Mem"]
[Site "Samara RUS"]
[Date "2011.07.08"]
[Round "4"]
[White "Volkov,Sergey1"]
[Black "Pogonina,N"]
[Result "1/2-1/2"]
[WhiteElo "2607"]
[BlackElo "2442"]

1.d4 Nf6 2.c4 e6 3.Nc3 Bb4 4.f3 O-O 5.a3 Bxc3+ 6.bxc3 c5 7.e4 Nc6 8.Be3 Qa5
9.Qd2 d5 10.e5 Nd7 11.cxd5 exd5 12.f4 Nb6 13.Nf3 Bf5 14.dxc5 Na4 15.Nd4 Be4
16.Nb3 Qxc3 17.Qxc3 Nxc3 18.Kd2 Nb1+ 19.Kc1 d4 20.Nxd4 Nxd4 21.Bxd4 Rfd8
22.Be3 Nc3 23.Bc4 Bxg2 24.Rg1 Bd5 25.Kc2 Bxc4 26.Kxc3 Be6 27.a4 Rac8 28.Rad1 Rxd1
29.Rxd1 Kf8 30.Kb4 Ke8 31.Rd6 Bd7 32.Bf2 Rc6 33.Rd2 Rh6 34.Bg3 Ra6 35.Ra2 f6
36.a5 fxe5 37.Re2 e4 38.Rxe4+ Re6 39.Rd4 Bc6 40.Bh4 Re4  1/2-1/2

[Event "Lev Polugaevsky Mem"]
[Site "Samara RUS"]
[Date "2011.07.08"]
[Round "4"]
[White "Solomin,M2"]
[Black "Zhurikhin,A"]
[Result "0-1"]
[WhiteElo "2001"]
[BlackElo "2223"]

1.d4 Nf6 2.c4 e6 3.Nc3 Bb4 4.f3 c5 5.a3 Bxc3+ 6.bxc3 Nc6 7.e3 d6 8.Bd3 O-O
9.Ne2 e5 10.O-O h6 11.Rb1 b6 12.e4 Re8 13.Qc2 Ba6 14.f4 Na5 15.Rf3 Bxc4 16.Ng3 Bxd3
17.Qxd3 exd4 18.cxd4 Nc6 19.d5 Nd4 20.Bb2 Nxf3+ 21.gxf3 Rf8 22.Qc3 Ne8 23.Nf5 Kh7
24.Kh1 g6 25.Rg1 Rg8 26.Rg3 f6 27.Ne3 b5 28.e5 b4 29.axb4 cxb4 30.Qd4 Qb6
31.Qe4 Qc7 32.exf6 Qf7 33.Ng4 Nc7 34.Rh3 Rge8 35.Rxh6+ Kg8 36.Qd3 Nxd5 37.Qd4 Re1+
38.Kg2 Rae8 39.Kh3 R1e4 40.fxe4 Nxf4+ 41.Kh4 g5+ 42.Kxg5 Ne6+ 43.Kh4 Nxd4  0-1

[Event "8th South Wales Int"]
[Site "Penarth WLS"]
[Date "2011.07.09"]
[Round "2.16"]
[White "Brown,Th"]
[Black "Hurn,R"]
[Result "1-0"]
[WhiteElo "2080"]
[BlackElo "1817"]

1.d4 Nf6 2.c4 e6 3.Nc3 Bb4 4.f3 d5 5.a3 Bd6 6.Nh3 c5 7.Nb5 Be7 8.dxc5 Bxc5
9.b4 Be7 10.Bf4 Na6 11.e3 O-O 12.c5 Ne8 13.Bd3 Nac7 14.Nxc7 Nxc7 15.O-O Bf6
16.Ra2 e5 17.Bg3 Bxh3 18.gxh3 Qd7 19.h4 a5 20.Qb1 h6 21.b5 Ne6 22.Rc1 Qe7
23.c6 b6 24.Bf5 Nc5 25.Rac2 Bxh4 26.Bxh4 Qxh4 27.Rg2 Ra7 28.Rxc5 bxc5 29.b6 Ra6
30.Rg4 Qf6 31.b7 Rb6 32.Qxb6 g6 33.b8=Q Rxb8 34.Qxb8+ Kg7 35.c7 e4 36.c8=Q Qa1+
37.Kf2 Qa2+ 38.Kg3 Kf6 39.Qe6+ fxe6 40.Qf8+  1-0

[Event "XXXIV Open"]
[Site "Barbera del Valles ESP"]
[Date "2011.07.10"]
[Round "7"]
[White "Silva Rodriguez,F"]
[Black "Carstensen,J"]
[Result "0-1"]
[WhiteElo "2064"]
[BlackElo "2391"]

1.d4 Nf6 2.c4 e6 3.Nc3 Bb4 4.f3 d5 5.a3 Bxc3+ 6.bxc3 c5 7.cxd5 exd5 8.e3 Qc7
9.Ne2 O-O 10.g4 Re8 11.Bg2 c4 12.O-O h6 13.h4 Nc6 14.Qe1 Na5 15.g5 Nh5 16.f4 Bg4
17.Bxd5 Bxe2 18.Qxe2 Nxf4 19.Bxf7+ Qxf7 20.Qf3 Nb3 21.Rb1 Qg6 22.Rxb3 cxb3
23.exf4 Qe4 24.Bb2 Qxf3 25.Rxf3 Re1+ 26.Kg2 Rae8 27.c4 R8e2+ 28.Rf2 Rxf2+
29.Kxf2 Rb1  0-1

[Event "Lev Polugaevsky Mem"]
[Site "Samara RUS"]
[Date "2011.07.12"]
[Round "8"]
[White "Yakovich,Yur"]
[Black "Khismatullin,D"]
[Result "1-0"]
[WhiteElo "2539"]
[BlackElo "2656"]

1.d4 Nf6 2.c4 e6 3.Nc3 Bb4 4.f3 c5 5.d5 b5 6.e4 O-O 7.e5 Ne8 8.f4 d6 9.Nf3 Qe7
10.dxe6 Bxe6 11.cxb5 c4 12.Be2 Nd7 13.O-O dxe5 14.fxe5 Nc7 15.Kh1 h6 16.Bf4 Bxc3
17.bxc3 Nxb5 18.Qc1 Nc5 19.Qe3 Rac8 20.Nd4 Nxd4 21.cxd4 Nd3 22.Bxh6 gxh6
23.Rf6 Rfd8 24.Raf1 Bd5 25.Rxh6 Qf8 26.Rf5 Qg7 27.Rg5 Be4 28.Rxg7+ Kxg7 29.Qg5+ Bg6
30.Rh4  1-0

[Event "Lev Polugaevsky Mem"]
[Site "Samara RUS"]
[Date "2011.07.12"]
[Round "8"]
[White "Velichko,Arseny"]
[Black "Osipov,And"]
[Result "1/2-1/2"]
[WhiteElo "1963"]
[BlackElo "2321"]

1.d4 Nf6 2.c4 e6 3.Nc3 Bb4 4.f3 c5 5.d5 exd5 6.cxd5 O-O 7.e4 d6 8.Bd3 Nbd7
9.Ne2 a6 10.O-O b5 11.Ng3 c4 12.Bc2 Bc5+ 13.Kh1 Ne5 14.Nce2 Bd7 15.h3 Re8
16.b3 b4 17.f4 Nd3 18.Bxd3 cxd3 19.Qxd3 Bb5 20.Qf3 Nxe4 21.Nxe4 Qe7 22.N2g3 Bxf1
23.Bb2 Be2 24.Qxe2 f5 25.Nxf5 Qxe4 26.Qg4 g6 27.Nh6+ Kf8 28.Qg5 Bd4 29.Bxd4 Qxd4
30.Rf1 Qc3 31.Kh2 Re2 32.Ng4 h5 33.Ne5 dxe5 34.fxe5+ Kg7 35.Qf6+ Kh6 36.Qf4+ Kg7
37.Qf6+ Kh6 38.Qf4+ Kg7 39.Qf6+ Kh6 40.Qf4+ Kg7 41.Qf6+  1/2-1/2

[Event "13th Sant Marti Open"]
[Site "Barcelona ESP"]
[Date "2011.07.13"]
[Round "1"]
[White "Shatko,D"]
[Black "Rojas Keim,L"]
[Result "1/2-1/2"]
[WhiteElo "2064"]
[BlackElo "2438"]

1.d4 Nf6 2.c4 e6 3.Nc3 Bb4 4.f3 d5 5.a3 Bxc3+ 6.bxc3 c5 7.cxd5 exd5 8.e3 Qc7
9.Ne2 Nc6 10.Nf4 Bd7 11.Bd3 O-O 12.O-O Rae8 13.Bb1 Na5 14.Qc2 g6 15.g4 Bb5
16.Rd1 Qc6 17.a4 Bc4 18.Ra3 Re7 19.h4 Rfe8 20.Kf2 Qd6 21.Rh1 Ba6 22.Ba2 Nc4
23.Bxc4 Bxc4 24.a5 Ba6 25.Ra1 cxd4 26.cxd4 Rc7 27.Qd2 Rec8 28.Ra2 Bc4 29.Ba3 Qd8
30.Rc2 Ne8 31.Bc5 Ra8 32.h5 g5 33.Nd3 Bxd3 34.Qxd3 b6 35.axb6 axb6 36.Bb4 Rxc2+
37.Qxc2 Rc8 38.Qd2 Nd6 39.Bxd6 Qxd6 40.Kg2 Rc4 41.Rb1 Qc6 42.Rb2 h6 43.Qd3 Rc1
44.Qb3 Qe6 45.Qd3 Qc6 46.Qb3 Qe6 47.Qd3 Rc4 48.Qa3 Qc8 49.Qb3 b5 50.Qxb5 Rc2+
51.Kf1 Rc1+ 52.Kf2 Rc2+ 53.Kf1 Rc1+ 54.Kf2  1/2-1/2

[Event "8th South Wales Int"]
[Site "Penarth WLS"]
[Date "2011.07.13"]
[Round "8.1"]
[White "Gretarsson,Hj"]
[Black "Wells,P"]
[Result "0-1"]
[WhiteElo "2437"]
[BlackElo "2489"]

1.d4 Nf6 2.c4 e6 3.Nc3 Bb4 4.f3 d5 5.a3 Bd6 6.Bg5 Be7 7.c5 O-O 8.e3 b6 9.b4 c6
10.Bd3 e5 11.Nge2 exd4 12.exd4 Nh5 13.Be3 Bg5 14.Qd2 Bxe3 15.Qxe3 Re8 16.Qd2 Qh4+
17.Kd1 a5 18.Na4 axb4 19.Nxb6 Rxa3 20.Rxa3 bxa3 21.Nxc8 Rxc8 22.g4 Nf6 23.Ng3 Nbd7
24.Kc2 g6 25.Kc3 Ra8 26.Ra1 Ne8 27.Kb3 Qf6 28.Qc3 Rb8+ 29.Kxa3 Nc7 30.Rf1 Nb5+
31.Bxb5 Rxb5  0-1

[Event "3rd Artemis Cup"]
[Site "Leros GRE"]
[Date "2011.07.14"]
[Round "3.4"]
[White "Devereaux,M"]
[Black "Gordon,S"]
[Result "1/2-1/2"]
[WhiteElo "2376"]
[BlackElo "2533"]

1.d4 Nf6 2.c4 e6 3.Nc3 Bb4 4.f3 d5 5.a3 Bxc3+ 6.bxc3 c5 7.cxd5 Nxd5 8.dxc5 Qa5
9.e4 Nf6 10.Be3 O-O 11.Qb3 Nfd7 12.Bb5 Na6 13.Bxa6 Qxa6 14.a4 Ne5 15.Qb5 Qxb5
16.axb5 Bd7 17.c6 bxc6 18.Bd4 Nc4 19.Kf2 cxb5 20.Bxa7 Rfc8 21.Ne2 e5 22.Rhd1 Be8
23.Ra2 Nb6 24.Rd6 Na4 25.Be3 f6 26.Ra3 Bf7 27.Rd7 Rd8 28.Rb7 Rab8 29.Rc7 Rdc8
30.Rd7 Rc6 31.h4 Be6 32.Re7 Kf8 33.Ra7 Rbc8 34.Rb7 Bc4 35.Ng3 R6c7 36.Rxc7 Rxc7
37.Bd2 Rd7 38.Be3 Rd1 39.Nf5 Rd3 40.Bc1 Rxc3 41.Rxc3 Nxc3 42.Ba3+ Kf7 43.Nd6+ Ke6
44.Ke1 Na4 45.Kd2 Bf1 46.g3 Nb6 47.Bb4 Nd7 48.Nf5 g6 49.Ne3 Bh3 50.Nd5 Kf7
51.g4 h5 52.Ne3 Ke6 53.Ke2 hxg4 54.fxg4 f5 55.gxf5+ gxf5 56.Nd5 Bg4+ 57.Kf2 Nf6
58.Nxf6 Kxf6 59.exf5 Kxf5 60.Ke3 Ke6 61.Bc3 Kd5 62.Kd3 Bf5+ 63.Ke3 Bh7 64.h5 e4
65.h6 Kc4 66.Bh8 b4 67.Kd2 Kb3 68.Bd4 Ka2 69.Kc1 b3 70.Bc3 Bf5 71.Bd4 e3
72.Kd1 Bd3 73.h7 Bxh7 74.Ke2 b2 75.Bxb2 Kxb2 76.Kxe3  1/2-1/2

[Event "3rd International Open"]
[Site "Rethymno GRE"]
[Date "2011.07.16"]
[Round "7"]
[White "Rambaldi,Francesco"]
[Black "Georgiadis,I"]
[Result "0-1"]
[WhiteElo "2206"]
[BlackElo "2464"]

1.d4 Nf6 2.c4 e6 3.Nc3 Bb4 4.f3 d5 5.a3 Bxc3+ 6.bxc3 c5 7.cxd5 Nxd5 8.dxc5 f5
9.Qc2 f4 10.Bxf4 Nxf4 11.Qa4+ Nc6 12.Qxf4 e5 13.Qc4 Qe7 14.g3 Be6 15.Qb5 O-O
16.Bg2 Rad8 17.Nh3 Qd7 18.Nf2 Qd2+ 19.Kf1 Qxc3 20.Rb1 Nd4 21.Qb2 Qxc5 22.Ne4 Qc6
23.Kg1 Bd5 24.h3 Bxe4 25.fxe4 Qg6 26.Kh2 Rf2 27.Qxb7 Rxe2 28.Rhf1 h5 29.Qxa7 h4
30.g4 Rxg2+ 31.Kxg2 Qxe4+ 32.Kh2 Nf3+ 33.Rxf3 Qxf3 34.Rb8 Qg3+ 35.Kh1 Qxh3+
36.Kg1 Qxg4+ 37.Kh2 Qf4+ 38.Kh1 Rxb8 39.Qxb8+ Kh7 40.Qe8 Qf3+ 41.Kh2 h3  0-1

[Event "Najdorf Memorial"]
[Site "Warsaw POL"]
[Date "2011.07.17"]
[Round "4"]
[White "Klim,K"]
[Black "Brodsky,M"]
[Result "1/2-1/2"]
[WhiteElo "2328"]
[BlackElo "2563"]

1.d4 Nf6 2.c4 e6 3.Nc3 Bb4 4.f3 c5 5.a3 cxd4 6.axb4 dxc3 7.bxc3 d5 8.cxd5 exd5
9.e3 Qc7 10.Ne2 O-O 11.Bd2 Nc6 12.Nd4 Bd7 13.Nxc6 Qxc6 14.Be2 Rfc8 15.O-O Ne8
16.Be1 Be6 17.Ra3 Nd6 18.Bg3 Nb5 19.Bxb5 Qxb5 20.Be5 b6 21.Qa1 f6 22.Bd4 a6
23.Qa2 Rc4 24.Ra1 Bc8 25.Qb3 Bd7 26.Qa2 Bc8 27.h3 Bb7 28.Qf2 Re8 29.h4 Rc6
30.Qf1 Rc4 31.Qf2 Rc6 32.h5 h6 33.Qf1 Rc4 34.R3a2 Bc8 35.Qf2 Rc6 36.Qf1 Rc4
37.Qd1 Qc6 38.Ra3 Qe6 39.Qd3 Rc7 40.Qg6 Rf7 41.R3a2 Qc6 42.Qd3 Qe6 43.Kf2 Qc6
44.Rb1 Qe6 45.Rg1 Qd6 46.Rh1 Bb7 47.Qg6 Qc6 48.g4 Re6 49.Qd3 Qc7 50.Rh3 Re8
51.Kg2 Ra8 52.Rh1 Rd8 53.Rg1  1/2-1/2

[Event "13th Sant Marti Open"]
[Site "Barcelona ESP"]
[Date "2011.07.18"]
[Round "6"]
[White "Cruz,Jon"]
[Black "Aroshidze,L"]
[Result "0-1"]
[WhiteElo "2406"]
[BlackElo "2539"]

1.d4 Nf6 2.c4 e6 3.Nc3 Bb4 4.f3 c5 5.d5 exd5 6.cxd5 d6 7.e4 O-O 8.Ne2 Re8
9.Ng3 Nbd7 10.Be2 a6 11.O-O Nf8 12.Qc2 Ba5 13.Nd1 h5 14.Nh1 b5 15.Nhf2 Bd7
16.Bg5 N8h7 17.Be3 Qc7 18.a3 Bb6 19.Qd2 c4 20.Rc1 Bxe3 21.Nxe3 Qb6 22.Nc2 Nf8
23.Kh1 Ng6 24.Nd1 Re7 25.Nd4 Rae8 26.Ne3 Re5 27.Rcd1 Qc5 28.Nec2 h4 29.Nb4 Nh5
30.Ndc6 Ngf4 31.Nxe5 Rxe5 32.Rfe1 h3 33.Qd4 hxg2+ 34.Kg1 Qc8 35.Nc6 Bxc6
36.dxc6 Rg5 37.Kf2 Nh3+ 38.Ke3 Qxc6 39.Kd2 N5f4 40.Qa7 Qc5 41.Qb8+ Kh7 42.Kc2 g1=Q
43.Rxg1 Nxg1 44.Rxd6 Ngxe2 45.Rd8 Nd4+ 46.Kb1 Rg1+ 47.Ka2  0-1

[Event "13th Sant Marti Open"]
[Site "Barcelona ESP"]
[Date "2011.07.20"]
[Round "8"]
[White "Moskalenko,V1"]
[Black "Aroshidze,L"]
[Result "1/2-1/2"]
[WhiteElo "2591"]
[BlackElo "2539"]

1.d4 Nf6 2.c4 e6 3.Nc3 Bb4 4.f3 c5 5.a3 Bxc3+ 6.bxc3 d6 7.e4 Nc6 8.Be3 b6
9.Bd3 e5 10.Ne2 h6 11.O-O g5 12.Ng3 Na5 13.Qe2 Qe7 14.Rfe1 Be6 15.Rab1 Rg8
16.Rb5 Qc7 17.Reb1 Rg6 18.Nf5 Nh5 19.Rxa5 bxa5 20.Rb7 Qd8 21.dxe5 dxe5 22.Bxc5 Nf4
23.Nd6+ Qxd6 24.Bxd6 Nxe2+ 25.Bxe2 Bxc4 26.Bxc4 Rxd6 27.Bxf7+ Kd8 28.Bd5 Rc8
29.c4 Rc7 30.Rb5 Rb6 31.Rxa5 Rb2 32.h3 Ke7 33.Kh2 h5 34.c5 h4 35.c6 Kd6 36.Ra4 Re7  1/2-1/2

[Event "13th Sant Marti Open"]
[Site "Barcelona ESP"]
[Date "2011.07.20"]
[Round "8"]
[White "Cruz,F"]
[Black "Matnadze,A"]
[Result "1/2-1/2"]
[WhiteElo "2406"]
[BlackElo "2428"]

1.c4 Nf6 2.d4 e6 3.Nc3 Bb4 4.f3 c5 5.d5 Nh5 6.g3 f5 7.Nh3 O-O 8.Bg2 e5 9.O-O Bxc3
10.bxc3 d6 11.e3 Nf6 12.f4 e4 13.Nf2 Qe8 14.a4 a5 15.Kh1 h6 16.Bd2 g5 17.Rg1 Kh8
18.Bf1 Rg8 19.Be2 Rg7 20.Qf1 Bd7 21.Rd1 Ra6 22.Qh3 Rh7 23.Rb1 b6 24.Rb5 g4
25.Qh4 Qe7 26.Rb2 Be8 27.h3 h5 28.Qg5 h4 29.Qxf5 Bd7 30.Qg6 Rg7 31.Qh6+ Rh7
32.Qg6 Rg7  1/2-1/2

[Event "Open NK"]
[Site "Dieren NED"]
[Date "2011.07.20"]
[Round "2"]
[White "Maatman, Nick"]
[Black "Neverov, Valeriy"]
[Result "1/2-1/2"]
[WhiteElo "1994"]
[BlackElo "2500"]

1.d4 Nf6 2.c4 e6 3.Nc3 Bb4 4.f3 c5 5.d5 d6 6.e4 O-O 7.Ne2 exd5 8.cxd5 Nbd7
9.g4 Ne5 10.Bg2 Nfxg4 11.fxg4 Qh4+ 12.Ng3 c4 13.Be3 Bxg4 14.Qc2 Nd3+ 15.Kd2 f5
16.exf5 Rae8 17.Be4 Bxf5 18.Bxf5 Rxe3 19.Kxe3 Rxf5 20.Nxf5 Qf4+ 21.Ke2 Qg4+
22.Ke3 Qf4+ 23.Ke2 Qg4+ 24.Ke3 Bc5+ 25.Kd2 Qg2+ 26.Ne2 Bb4+ 27.Qc3 Bxc3+
28.bxc3 Qg5+ 29.Ne3 Nf2 30.Ng3 Nxh1 31.Rxh1 g6 32.Rb1 b6 33.Rb4 Qh4 34.Rxc4 Qxh2+
35.Ne2 h5 36.Rc7 Qe5 37.Kd3 a5 38.Nd4 Qg3 39.Ne6 h4 40.Rc8+ Kh7 41.Rc7+ Kg8
42.Rc8+ Kh7 43.Rc7+  1/2-1/2

[Event "XXIX Andorra Open"]
[Site "Arinsal AND"]
[Date "2011.07.21"]
[Round "6.14"]
[White "Sachdev,T"]
[Black "Buchenau,F"]
[Result "1-0"]
[WhiteElo "2419"]
[BlackElo "2237"]

1.d4 e6 2.c4 Nf6 3.Nc3 Bb4 4.f3 c5 5.d5 Bxc3+ 6.bxc3 Qa5 7.Bd2 d6 8.e4 O-O
9.Ne2 Re8 10.Ng3 Bd7 11.Be2 Ba4 12.Qc1 Nbd7 13.O-O a6 14.Bf4 Qc7 15.Qd2 b5
16.Rab1 e5 17.Bg5 bxc4 18.Nf5 Reb8 19.Bxf6 Nxf6 20.Rxb8+ Rxb8 21.Nxg7 Nxd5
22.Nh5 Nf4 23.Nxf4 exf4 24.Qxf4 Rb2 25.Bxc4 Bb5 26.Bxb5 axb5 27.Rd1 c4 28.Rxd6 Qc5+
29.Rd4 b4 30.Qe3 Rb1+ 31.Kf2 Rb2+ 32.Ke1 Qa5 33.Rd5 Rb1+ 34.Kf2 Rb2+ 35.Kg3 Qc7+
36.e5 f6 37.Kh3 Rxa2 38.exf6 Qc8+ 39.g4  1-0

[Event "III Corporation Cup A"]
[Site "Izhevsk RUS"]
[Date "2011.07.22"]
[Round "7"]
[White "Khismatullin,D"]
[Black "Nozdrachev,V"]
[Result "1-0"]
[WhiteElo "2656"]
[BlackElo "2443"]

1.d4 Nf6 2.c4 e6 3.Nc3 Bb4 4.f3 c5 5.d5 b5 6.e4 bxc4 7.Bxc4 O-O 8.Bg5 Bb7
9.Ne2 exd5 10.exd5 Bxc3+ 11.bxc3 d6 12.Rb1 Bc8 13.O-O Nbd7 14.Bb5 Nb6 15.Bc6 Rb8
16.Qd3 Bd7 17.Rfd1 Rc8 18.Bxd7 Nbxd7 19.Ng3 h6 20.Bf4 c4 21.Qd4 Nb6 22.Nf5 Nbxd5
23.Bxh6 gxh6 24.Qh4 Ne4 25.Qxe4 Nxc3  1-0

[Event "4th Paleohora Open"]
[Site "Paleochora GRE"]
[Date "2011.07.22"]
[Round "4"]
[White "Rychagov,A"]
[Black "Khabarov,Sergey"]
[Result "1-0"]
[WhiteElo "2560"]
[BlackElo "2305"]

1.d4 Nf6 2.c4 e6 3.Nc3 Bb4 4.f3 d5 5.a3 Bxc3+ 6.bxc3 O-O 7.cxd5 exd5 8.e3 Bf5
9.Ne2 Re8 10.Ng3 Bg6 11.Bd3 c5 12.O-O Nc6 13.Rb1 b6 14.Rb2 Qd7 15.Re2 Bxd3
16.Qxd3 Rad8 17.Bb2 h5 18.Rd1 Qe6 19.Rde1 Qd7 20.Qb1 g6 21.Nh1 cxd4 22.cxd4 Na5
23.e4 dxe4 24.fxe4 Nc4 25.d5 Ng4 26.h3 Nge5 27.Bc1 Qd6 28.Qb3 Qc5+ 29.Nf2 b5
30.Kh1 a6 31.Nd3 Nxd3 32.Qxd3 Qd6 33.Qf3 Ne5 34.Qg3 Nc4 35.Qh4 f6 36.Rf1 f5
37.Bf4 Qd7 38.Qf6 Qf7 39.Qxa6 Rxe4 40.Rxe4 fxe4 41.Qxb5 Qxd5 42.Qa6 Kh7 43.Rc1 Rf8
44.Bg3 Nd2 45.Rd1 Qb3 46.Qe2 Qxg3 47.Rxd2 Rf7 48.Qd1 Kh6 49.Rd8 e3 50.Rh8+ Kg5
51.Qd8+ Kf5 52.Re8 g5 53.Qd3+ Kf6 54.Rxe3 Qc7 55.Qd4+ Kg6 56.Re6+ Kh7 57.Qe4+ Kg7
58.Qg6+ Kf8 59.Qh6+ Rg7 60.Qh8+  1-0

[Event "XXXVII Open"]
[Site "Sitges ESP"]
[Date "2011.07.22"]
[Round "1"]
[White "Moskalenko,V1"]
[Black "Trujillo Villega,P"]
[Result "1-0"]
[WhiteElo "2591"]
[BlackElo "2173"]

1.d4 Nf6 2.c4 e6 3.Nc3 Bb4 4.f3 d5 5.a3 Bxc3+ 6.bxc3 c5 7.cxd5 exd5 8.e3 O-O
9.Bd3 b6 10.Ne2 Bb7 11.O-O Nc6 12.Ra2 Rc8 13.g4 Re8 14.Ng3 Na5 15.g5 Nd7
16.e4 cxd4 17.cxd4 Nf8 18.e5 Ne6 19.Nf5 Nc4 20.f4 Rc7 21.Qe1 Kh8 22.Nxg7 Nxg7
23.Qh4 h5 24.f5 Rxe5 25.dxe5 Nxe5 26.f6 Nxd3 27.fxg7+ Kxg7 28.Qd4+ Kf8 29.Qh8+ Ke7
30.Re2+ Kd7 31.Rxf7+ Kc8 32.Re8 Rxc1+ 33.Rf1  1-0

[Event "Najdorf Memorial"]
[Site "Warsaw POL"]
[Date "2011.07.22"]
[Round "9"]
[White "Klim,K"]
[Black "Romanishin,O"]
[Result "0-1"]
[WhiteElo "2328"]
[BlackElo "2526"]

1.d4 Nf6 2.c4 e6 3.Nc3 Bb4 4.f3 c5 5.d5 Nh5 6.g3 f5 7.e4 O-O 8.exf5 Bxc3+
9.bxc3 exf5 10.Nh3 d6 11.Nf4 Nxf4 12.Bxf4 Qf6 13.Qd2 Nd7 14.Kf2 Ne5 15.h4 Bd7
16.Re1 Rae8 17.Be2 h6 18.Qc2 Rf7 19.Bc1 Rfe7 20.f4 Ng4+ 21.Bxg4 fxg4 22.Qd2 Qf5
23.Rxe7 Rxe7 24.Rd1 Qb1 25.Ba3 Qe4 26.Qd3 Bf5 27.Qxe4 Rxe4 28.Re1 Rxc4 29.Re8+ Kh7
30.Bb2 Ra4 31.a3 Ra6 32.Ke1 Rb6 33.Re2 Bd3 34.Rd2 Bc4 35.Kd1 Kg6 36.f5+ Kxf5
37.Rf2+ Kg6 38.Kc1 Bxd5 39.Rf4 h5 40.Rf8 Bc4 41.Kc2 Bd3+ 42.Kc1 d5 43.Rc8 c4
44.Rc7 Re6 45.Kd1 Re3 46.Bc1 Rxg3  0-1

[Event "Open NK"]
[Site "Dieren NED"]
[Date "2011.07.26"]
[Round "7"]
[White "Maatman,Nick"]
[Black "Hoogland,D"]
[Result "0-1"]
[WhiteElo "1994"]
[BlackElo "2181"]

1.d4 Nf6 2.c4 e6 3.Nc3 Bb4 4.f3 d5 5.a3 Be7 6.cxd5 exd5 7.Qc2 O-O 8.Bg5 c6
9.e3 Nh5 10.Bxe7 Qxe7 11.e4 b5 12.O-O-O a5 13.g4 Nf4 14.Nge2 Nxe2+ 15.Bxe2 b4
16.Nb1 a4 17.e5 Ba6 18.axb4 Qxb4 19.Na3 Nd7 20.Qd2 Qb6 21.Bxa6 Rxa6 22.f4 c5
23.Kb1 Rb8 24.Qc3 c4 25.Rc1 Qd8 26.Qd2 Rab6 27.Rc3 Rxb2+ 28.Qxb2 Rxb2+ 29.Kxb2 Qb6+
30.Kc2 Qxd4 31.Rf1 Qe4+ 32.Kc1 Nc5 33.Nc2 Qe2 34.Rd1 Nb3+  0-1

[Event "4th Paleohora Open"]
[Site "Paleochora GRE"]
[Date "2011.07.26"]
[Round "8"]
[White "Rychagov,A"]
[Black "Khetsuriani,B"]
[Result "1/2-1/2"]
[WhiteElo "2560"]
[BlackElo "2325"]

1.d4 Nf6 2.c4 e6 3.Nc3 Bb4 4.f3 d5 5.a3 Bxc3+ 6.bxc3 c5 7.cxd5 Nxd5 8.dxc5 f5
9.Nh3 O-O 10.c4 Nf6 11.Qxd8 Rxd8 12.Nf2 Nc6 13.Rb1 e5 14.g3 Nd4 15.Bg2 Be6
16.Nd3 e4 17.Ne5 Rac8 18.c6 b6  1/2-1/2

[Event "Czech GM Open A"]
[Site "Pardubice CZE"]
[Date "2011.07.26"]
[Round "5.25"]
[White "Lokander,M"]
[Black "Gavrilov,Al1"]
[Result "1-0"]
[WhiteElo "2044"]
[BlackElo "2481"]

1.d4 Nf6 2.c4 e6 3.Nc3 Bb4 4.f3 c5 5.d5 d6 6.e4 O-O 7.Bd3 b5 8.Ne2 bxc4 9.Bxc4 Ba6
10.Qd3 Bxc4 11.Qxc4 exd5 12.exd5 Nbd7 13.O-O Ne5 14.Qh4 Qb6 15.Rb1 Rfe8 16.Bg5 Nfd7
17.a3 Bxc3 18.Nxc3 Rab8 19.Be3 Qa6 20.Ne4 Rb3 21.Bf4 Ng6 22.Qg4 Nde5 23.Qf5 Nxf4
24.Qxf4 h6 25.Rfe1 Kh8 26.Qf5 Qb6 27.Kh1 c4 28.h4 Qd8 29.h5 Nd3 30.Re2 Qh4+
31.Kg1 Qf4 32.Nf6 gxf6 33.Rxe8+ Kg7 34.Qxf4 Nxf4 35.Re4 Nxd5 36.Rxc4 Rd3
37.Ra4 Rd2 38.Rxa7 f5 39.b4 Ne3 40.Kh1 f4 41.b5 Kf6 42.b6 Rxg2 43.b7 Rg5
44.Rb6  1-0

[Event "ch-AUT"]
[Site "Linz AUT"]
[Date "2011.07.27"]
[Round "5"]
[White "Wiedermann,D"]
[Black "Wiesner,H"]
[Result "1-0"]
[WhiteElo "2209"]
[BlackElo "2039"]

1.d4 Nf6 2.c4 e6 3.Nc3 Bb4 4.f3 d5 5.a3 Bxc3+ 6.bxc3 b6 7.cxd5 exd5 8.e3 O-O
9.Bd3 Ba6 10.Ne2 Re8 11.Ng3 c5 12.O-O Bxd3 13.Qxd3 Nc6 14.Ra2 Rc8 15.Re2 Rc7
16.Bb2 Na5 17.e4 c4 18.Qc2 Nb3 19.e5 Nd7 20.f4 b5 21.Qf5 Rc6 22.Qg4 Rg6 23.Qf3 Nb6
24.f5 Rh6 25.f6 Rg6 26.Nh5 gxf6 27.Nxf6+ Kg7 28.Nxe8+ Qxe8 29.Ref2 Qe6 30.Qh5  1-0

[Event "Czech GM Open A"]
[Site "Pardubice CZE"]
[Date "2011.07.27"]
[Round "6.30"]
[White "Meskovs,N"]
[Black "Luther,T"]
[Result "0-1"]
[WhiteElo "2273"]
[BlackElo "2515"]

1.d4 e6 2.c4 Nf6 3.Nc3 Bb4 4.f3 c5 5.d5 O-O 6.a3 Bxc3+ 7.bxc3 Ne8 8.e4 d6
9.Bd3 Nd7 10.Ne2 Ne5 11.f4 Nxd3+ 12.Qxd3 f5 13.O-O fxe4 14.Qxe4 Nf6 15.Qd3 Qe8
16.Ng3 Qg6 17.f5 exf5 18.Bf4 Ne4 19.Nxe4 fxe4 20.Qg3 Rf6 21.Bg5 Rxf1+ 22.Rxf1 b6
23.Be7 Ba6 24.Qf4 h6 25.Qxd6 Qxd6 26.Bxd6 Bxc4 27.Rf5 Rd8 28.Bc7 Rd7 29.d6 e3
30.Rf3 e2 31.Kf2 b5 32.Ke1 a5 33.Kd2 a4 34.Rf5 g6 35.Rxc5 Rf7 36.Re5 Rf1
37.Re8+ Kg7 38.Re7+ Kf8 39.Re3 Rd1+ 40.Kc2 Kf7 41.g3 Bd3+ 42.Kb2 Rd2+ 43.Kc1 Rc2+
44.Kb1 Bf5 45.Re7+ Kf8 46.g4 e1=Q+ 47.Rxe1 Re2+ 48.gxf5 Rxe1+ 49.Kc2 Ke8
50.fxg6 Rg1 51.Kd3 Rxg6  0-1

[Event "19th St Affrique Open"]
[Site "Saint Affrique FRA"]
[Date "2011.07.27"]
[Round "6.3"]
[White "Gozzoli,Y"]
[Black "Kukov,V"]
[Result "1/2-1/2"]
[WhiteElo "2532"]
[BlackElo "2377"]

1.d4 Nf6 2.c4 e6 3.Nc3 Bb4 4.f3 O-O 5.a3 Bxc3+ 6.bxc3 d6 7.e4 e5 8.Bd3 Nc6
9.Ne2 b6 10.O-O Ba6 11.f4 Nd7 12.Ng3 exd4 13.cxd4 Nxd4 14.Bb2 c5 15.Qg4 Bc8  1/2-1/2

[Event "98th ch-GBR"]
[Site "Sheffield ENG"]
[Date "2011.07.27"]
[Round "3.17"]
[White "Shaw,P"]
[Black "Buckley,G"]
[Result "1-0"]
[WhiteElo "2162"]
[BlackElo "2380"]

1.d4 Nf6 2.c4 e6 3.Nc3 Bb4 4.f3 d5 5.a3 Bxc3+ 6.bxc3 c5 7.cxd5 exd5 8.e3 Qc7
9.Ne2 Nc6 10.Ng3 h5 11.Bd3 h4 12.Ne2 Bd7 13.O-O O-O-O 14.e4 dxe4 15.Bf4 Qa5
16.fxe4 h3 17.g3 cxd4 18.cxd4 Bg4 19.Qc2 Bxe2 20.Bxe2 Rxd4 21.Be3 Qa4 22.Qb1 Rd7
23.Rc1 Re8 24.Rc4 Qa5 25.Qc2 Re6 26.Rb1 Qxa3 27.Rb3 Qa1+ 28.Rb1 Qa3 29.Rb3 Qe7
30.Bf4 Rc7 31.Bxc7 Qxc7 32.Bf3 Qa5 33.Rb1 Qe5 34.Qf2 Kb8 35.Rc5 Qd4 36.e5 Qxf2+
37.Kxf2 Rxe5 38.Rxc6 Ne4+ 39.Bxe4 Rxe4 40.Rc2 b6 41.Kf3 Re6 42.Rbc1 b5 43.Rc8+ Kb7
44.R8c7+ Kb6 45.Rxf7 g6 46.Rc8 a5 47.Rb8+ Kc5 48.Rfb7  1-0

[Event "98th ch-GBR"]
[Site "Sheffield ENG"]
[Date "2011.07.28"]
[Round "4.19"]
[White "Palliser,R"]
[Black "Jones,V"]
[Result "1/2-1/2"]
[WhiteElo "2454"]
[BlackElo "2153"]

1.d4 e6 2.c4 Nf6 3.Nc3 Bb4 4.f3 c5 5.d5 O-O 6.e4 Re8 7.Ne2 d6 8.Ng3 b5 9.a3 Ba5
10.Bd2 bxc4 11.Bxc4 Ba6 12.Bxa6 Nxa6 13.dxe6 Rxe6 14.O-O c4 15.Nce2 Bb6+
16.Kh1 d5 17.Nf4 Re8 18.exd5 Nxd5 19.Nxd5 Qxd5 20.Bc3 Red8 21.Qc1 Nc5 22.Qf4 Nd3
23.Qg4 Ne5 24.Qh5 f6 25.f4 Nd3 26.Qg4 Qd7 27.f5 Bd4 28.Nh5 Bxc3 29.bxc3 Qf7
30.Nf4 Nxf4 31.Rxf4 Rac8 32.Rd4 Rxd4 33.Qxd4 Qe7 34.Qd5+ Qf7 35.Qd6 Re8 36.Rb1 h5
37.h3 Kh7 38.Qd4 Re5 39.Rf1 a6 40.Rf4 Qd5 41.Qxd5  1/2-1/2

[Event "ch-AUT"]
[Site "Linz AUT"]
[Date "2011.07.29"]
[Round "7"]
[White "Liedl,W"]
[Black "Spiesberger,G"]
[Result "1-0"]
[WhiteElo "2213"]
[BlackElo "2166"]

1.d4 Nf6 2.c4 e6 3.Nc3 Bb4 4.f3 O-O 5.e4 d6 6.Ne2 e5 7.a3 exd4 8.axb4 dxc3
9.Nxc3 h6 10.Be2 Re8 11.Be3 Nbd7 12.O-O a6 13.Qd2 Nf8 14.b5 b6 15.Nd5 Bb7
16.bxa6 Bxa6 17.Ra3 Bb7 18.Rfa1 c5 19.Nc3 Rxa3 20.Rxa3 Bc6 21.Bd1 Qd7 22.Ba4 Ne6
23.Bxc6 Qxc6 24.Nb5 Rd8 25.Rd3 Ne8 26.e5 Nd4 27.Bxd4 cxd4 28.Rxd4 Qc5 29.exd6 Nxd6
30.b4 Nxb5 31.bxc5 Nxd4 32.Qb4 bxc5 33.Qxc5 Ne6 34.Qb4 Rc8 35.g3 g6 36.Kf2 Rc5
37.f4 h5 38.Kf3 Rf5 39.Ke3 Kg7 40.Ke4 Nc5+ 41.Kd4 Ne6+ 42.Ke3 Kg8 43.Qd6 Rc5
44.Qd3 Rf5 45.Qe4 Ra5 46.Kd2 Ra2+ 47.Kc3 Ra5 48.Kb4 Rf5 49.Qc6 Kg7 50.Qe8 Kh7
51.Qe7 Kg7 52.h3 Kg8 53.Kc3 Kg7 54.Kd3 Rc5 55.Qd6 Kf6 56.g4 hxg4 57.hxg4 Kg7
58.Kc3 Kg8 59.Kb4 Rc8 60.f5 gxf5 61.gxf5 Ng7 62.Qd5  1-0

[Event "Czech GM Open A"]
[Site "Pardubice CZE"]
[Date "2011.07.29"]
[Round "8.63"]
[White "Meskovs,N"]
[Black "Kulhanek,T"]
[Result "1/2-1/2"]
[WhiteElo "2273"]
[BlackElo "2375"]

1.d4 Nf6 2.c4 e6 3.Nc3 Bb4 4.f3 d5 5.a3 Be7 6.e3 O-O 7.cxd5 exd5 8.Bd3 b6
9.Nge2 c5 10.O-O Bb7 11.Ng3 Re8 12.b4 cxb4 13.axb4 Bxb4 14.Qb3 Bf8 15.Nce2 Nc6
16.Kh1 Nb4 17.Bb5 Bc6 18.Bxc6 Nxc6 19.e4 dxe4 20.fxe4 Nxd4 21.Nxd4 Qxd4 22.Bb2 Qb4
23.Qa2 Re6 24.e5 Ne4 25.Rxf7 Nxg3+ 26.hxg3 Rh6+ 27.Kg1 Bc5+ 28.Rf2+ Kh8 29.Ba3 Qxa3
30.Qxa3 Bxa3 31.Rxa3 Kg8 32.Rc2 Re6 33.Rc7 Rxe5 34.Rcxa7 Rxa7 35.Rxa7 Re2
36.Rb7 Rb2 37.g4 h6 38.Kh2 Rb3 39.g3 Rb2+ 40.Kh3 Kh7 41.Rc7 b5 42.Rc6 Rb1
43.g5 h5 44.g4 Rh1+ 45.Kg3 Rg1+ 46.Kh4 Rh1+ 47.Kg3 hxg4 48.Kxg4 b4 49.Rb6 Rb1
50.Kf5 b3 51.Rb8 g6+ 52.Kf6 Rf1+ 53.Ke6  1/2-1/2